1499 1875 1469 1306 1554 1784 1255 1716 1836 1773 1131 1923 1630 1641 1678 1046 1324 1375 1370 1506 1198 1269 1610 1153 1042 1189 1010 1846 1370 1429 1668 1225 1397 1786 1281 1693 1582 1934 1947 1637 1012 1164 1939 1664 1496 1357 1569 1156 1183 1735 1234 1945 1389 1007 1966 1326 1472 1000 1499 1720 1758 1158 1660 1294 1257 1308 1456 1309 1130 1181 1963 1073 1997 1845 1739 1490 1642 1824 1964 1144 1146 1714 1705 1447 1339 1931 1135 1736 1077 1627 1145 1312 1766 1088 1254 1951 1685 1002 1688 BCNSPRNW ULIB Ver.6.0+V

เปลี่ยนเป็นภาษาไทย

Change to English
 แสดงรายละเอียดบรรณานุกรม
  กลับหน้าหลัก

Brief Record : Get Marc (ISO 2709) : E-mail record : QR code < ปิดหน้าต่าง
LEADER : 00000nam 2200000uu 4500
001    13399125860
003     ULIB
008    020711s2016 th a 000 0 eng d
020    ^a9780826123251
060    ^aWY20.5^bB-D
100    ^aBack, Chery Tatano.
245    ^aDeveloping a program of research in nursing/^bBack, Chery Tatano.
260    ^aNew York :^bSpringer Publishing Company,^c2016
300    ^a166 pages;^c22 cm
650    ^aNursing Research
650  0 ^aProgram Development-methods
650  0 ^aResearch Design
945    ^p1598^l0^i003242
999    ^aประนอม เกษจรัล
รายการนี้ยังไม่มีแท็ก
คุณยังไม่ได้ล็อกอิน คุณสามารถมีกิจกรรมร่วมกับเว็บไซต์ได้ แต่ต้องล็อกอินก่อน ::
  ล็อกอิน

รายการสื่อสารสนเทศ

ลำดับที่ ประเภท เลขเรียก/บาร์โค้ด สถานที่ สถานะ
1. วิทยาศาสตร์การแพทย์ และสุขภาพ
หนังสือสำรอง
สถานะ=หนังสือสำรอง
WY20.5 B-D ฉ.1 
  Barcode: 003242
ห้องสมุดวิทยาเขตสวรรค์ประชารักษ์
►หนังสือทั่วไป
บนชั้น

รายการใกล้เคียง
    หัวเรื่อง [Nursing Research]
    หัวเรื่อง [Research Design]

BibComment


ยังไม่เคยถูกคอมเมนท์

คอมเมนท์ทรัพยากรรายการนี้
  คอมเมนท์: Developing a pro..


 Copyright 2026. Bcnsprnw @Library